| 000 | 00618nam a2200217Ia 4500 | ||
|---|---|---|---|
| 005 | 20250508165029.0 | ||
| 008 | 008 250505s9999 xx 000 0 eng d | ||
| 037 | _aTextual | ||
| 040 |
_aFEDL _beng _cFEDL |
||
| 041 |
_aeng _2eng |
||
| 084 |
_a604.2, BOG _qFEDL |
||
| 100 |
_aBogolyubov S _9779760 |
||
| 245 | 0 | _aEngineering drawing: A course for technical schools of mechanical engineering | |
| 260 |
_aMoscow _bMir Publishers _c1986 |
||
| 300 | _a352p. | ||
| 365 |
_aINR _b290 |
||
| 546 | _aMACESE | ||
| 700 |
_a Voinov A _9779761 |
||
| 942 |
_cTEXL _h604.2, BOG |
||
| 999 |
_c1392747 _d1392747 |
||